|
|
|
|
| LEADER |
00000nam0a2200000 4500 |
| 001 |
52334 |
| 005 |
20231031041505.0 |
| 035 |
|
|
|a (RuTPU)RU\TPU\book\54841
|
| 090 |
|
|
|a 52334
|
| 100 |
|
|
|a 20030529d1977 km y0rusy50 ca
|
| 101 |
0 |
|
|a rus
|
| 102 |
|
|
|a RU
|
| 105 |
|
|
|a a z 001zy
|
| 200 |
1 |
|
|a Режимы работы, релейная защита и автоматика синхронных электродвигателей
|f М. И. Слодарж
|
| 210 |
|
|
|a Москва
|c Энергия
|d 1977
|
| 215 |
|
|
|a 216 с.
|c ил.
|
| 320 |
|
|
|a Библиогр.: с. 213-214
|
| 610 |
1 |
|
|a электродвигатели асинхронные
|
| 610 |
1 |
|
|a автоматика
|
| 610 |
1 |
|
|a релейная защита
|
| 610 |
1 |
|
|a режимы работы
|
| 610 |
1 |
|
|a свойства
|
| 610 |
1 |
|
|a системы возбуждения
|
| 610 |
1 |
|
|a самозапуск
|
| 610 |
1 |
|
|a параметры
|
| 675 |
|
|
|a 621.313.323
|v 3
|
| 700 |
|
1 |
|a Слодарж
|b М. И.
|g Михаил Исаакович
|
| 801 |
|
1 |
|a RU
|b 63413507
|c 20030529
|g PSBO
|
| 801 |
|
2 |
|a RU
|b 63413507
|c 20201006
|g PSBO
|
| 942 |
|
|
|c BK
|